Administración estratégica : (Record no. 124138)

MARC details
000 -CABECERA
campo de control de longitud fija 00742nam a2200217 u 4500
005 - FECHA Y HORA DE LA ÚLTIMA TRANSACCIÓN
campo de control 20220812063830.0
008 - ELEMENTOS DE LONGITUD FIJA--INFORMACIÓN GENERAL
campo de control de longitud fija 070919s2004 r 000 0 eng d
020 ## - NÚMERO INTERNACIONAL NORMALIZADO PARA LIBROS
Número Internacional Estándar del Libro 9701040554
035 ## - NÚMERO DE CONTROL DEL SISTEMA
Número de control de sistema UPN01000152003
049 ## - COLECCIÓN
Colección CG
050 #4 - SIGNATURA TOPOGRÁFICA DE LA BIBLIOTECA DEL CONGRESO
Número de clasificación HD30.28
Número de documento/Ítem T4.28 2004
100 1# - ASIENTO PRINCIPAL--NOMBRE PERSONAL
Nombre de persona Thompson, Arthur A.,
Fechas asociadas al nombre 1940-
245 10 - MENCIÓN DE TÍTULO
Título Administración estratégica :
Resto del título textos y casos /
Mención de responsabilidad, etc. Arthur A. Thompson, A. J. Strickland ; tr. Ma. del Pilar Carril Villarreal.
250 ## - MENCIÓN DE EDICIÓN
Mención de edición 13a ed.
260 ## - PUBLICACIÓN, DISTRIBUCIÓN, ETC.
Lugar de publicación, distribución, etc. México :
Nombre del editor, distribuidor, etc. McGraw-Hill,
Fecha de publicación, distribución, etc. 2004.
300 ## - DESCRIPCIÓN FÍSICA
Extensión xli, 447, 398, 20 p.
534 ## - NOTA SOBRE LA VERSIÓN ORIGINAL
Frase introductoria Título original:
Mención de título del original Strategic management : concepts and cases
650 #4 - ASIENTO SECUNDARIO DE MATERIA - TERMINO TEMATICO
Término de materia o nombre geográfico como elemento de entrada Planificación estratégica
9 (RLIN) 1106
700 1# - ASIENTO SECUNDARIO--NOMBRE DE PERSONAL
Nombre de persona Strickland, Alonzo J.,
Término indicativo de función/relación coaut.
905 ## - TIPO DE MATERIAL
Tipo de material Libro
Holdings
Estado de retiro Estado de pérdida Fuente del sistema de clasificación o colocación Estado dañado No para préstamo Código de colección Localización permanente Ubicación/localización actual Ubicación en estantería Total de préstamos Clasificación Código de barras Fecha visto por última vez Número de copia Tipo de ítem Koha
    Library of Congress Classification     Colección General Bib. Gregorio Torres Quintero Bib. Gregorio Torres Quintero Planta baja 5 HD30.28 T4.28 2004 253703 31/12/2020 1 Libro
    Library of Congress Classification     Colección General Bib. Gregorio Torres Quintero Bib. Gregorio Torres Quintero Planta baja 3 HD30.28 T4.28 2004 253701 31/12/2020 1 Libro
    Library of Congress Classification     Colección General Bib. Gregorio Torres Quintero Bib. Gregorio Torres Quintero Planta baja 2 HD30.28 T4.28 2004 253702 31/12/2020 1 Libro
    Library of Congress Classification     Colección General Bib. Gregorio Torres Quintero Bib. Gregorio Torres Quintero Planta baja   HD30.28 T4.28 2004 301958 31/12/2020 1 Libro